Регионална библиотека "Любен Каравелов" - Русе

Физкультура и спорт (Запис номер 58793)

MARC детайли
000 -Лидер
Контролно поле с фиксирана дължина 00933nam a2200289 c 4500
003 - Код на организацията, давaща контролен номер
Контролно поле BLK
005 - Дата и час на последна редакция
Контролно поле 20180420222812.0
008 - Елементи от данни с фиксирана дължина
fixed length control field 180408b bul|||||r ||||||| ||bul||
010 ## - Наследен системен номер
LC control number KNG00062860000
040 ## - Източник на каталожния запис
Идентификатор на билиотеката - собственик на записа BLK
041 ## - Код за език
Код за езика на текст/звукозапис или на отделно заглавие Руски
Код за езика КДБФ Руски
080 ## - УДК
Текстов определител УДК Спорт. Физическа култура
УДК код - определител по УДК 796/799
УДК определител (03)
УДК - код + определител 796/799(03)
139 ## - Редно поле
Редна дума Физкультура и спорт
Авторски знак Физ - Ф 47
245 10 - Сведения за заглавието
Заглавие Физкультура и спорт
Подзаглавни данни Малая энцикл.
246 11 - Различни форми на заглавието
Паралелно заглавие Korperkultur und Sport -. Kleine Enzyklopadie
260 ## - Област на издателските данни
-- Москва
Име на издателя, разпространителя и проч. Радуга
Година на издаване 1982
300 ## - Физическа характеристика
Страници 374 с.
Размери/Мащаб 27 см
380 ## - Жанр
Жанр 793/799 Спорт
650 #4 - Допълнително описание по предмет – тема
Основно описание – тема или топоним Физкултура и спорт
9 (RLIN) 288522
653 ## - Ключова дума – ненормативна
Ключова дума физкултура
653 ## - Ключова дума – ненормативна
Ключова дума енциклопедии
852 ## - Местоположение
Форматна сигнатура Цб ІІ 6409
856 4# - Електронен адрес и достъп
Електронен формат pdf - файл
Път до файла /url/
856 4# - Електронен адрес и достъп
Електронен формат pdf - файл
Път до файла /url/
942 ## - АРТИКУЛИ
Вид на библиотечния материал Книги
Скрит в OPAC Не
944 ## - СЪЗДАВАНЕ И РЕДАКЦИЯ на ЗАПИСА
Създаване/Редакция Създаване
Дата на регистрацията/редакция 13.06.2004
Служител, извършил регистрацията/редакцията Читалня
944 ## - СЪЗДАВАНЕ И РЕДАКЦИЯ на ЗАПИСА
Създаване/Редакция Редакция
Дата на регистрацията/редакция 26.11.2015
Служител, извършил регистрацията/редакцията Валя_Йорданова
999 ## - СИСТЕМНИ КОНТРОЛНИ НОМЕРА
Koha biblionumber 58793
Koha biblioitemnumber 58793
Наличности
Код за отписване Код за изгубен артикул Източник на класификационната схема Код за повреда Коз за рестрикции Код за отдаване Артикулен № Име на библиотеката - собственик Име на библиотеката, в която се намира в момента Статус (Текущо местоположение) Дата на вписване в системата Местоположение - отдел Цена в лева Инвентарен номер Систематично азбучна сигнатура Баркод Номер на екземпляра Цена в евро Служебна бележка Служебен тип на артикула
Изтеглен Не е изгубен Universal Decimal Classification Не е повреден без рестрикции ползва се в читалня 95820 Регионална библиотека "Любен Каравелов" Русе Регионална библиотека "Любен Каравелов" Русе Читалня - справочен фонд 1993-01-01 Читалня - справочен фонд 2.28 373906 СЧ 796/799/Ф47 373906 1 1.17 N: Сф Дата: 01.01.1993 Дата инв: 20.03.2017 Бележки инв: СЧ2017 Книги
  Не е изгубен Universal Decimal Classification Не е повреден без рестрикции ползва се в читалня 95821 Регионална библиотека "Любен Каравелов" Русе Регионална библиотека "Любен Каравелов" Русе Хранилище 1982-01-01 Основен фонд - ползва се само за читалня 2.88 373905 Цб ІІ 6409 120000373905 2 1.47 Вид: Сф N: Сф Дата: 01.01.1982 Книги
Vip Innovations Ltd, Rousse, Bulgaria 2025